000 01702cam a22003614a 4500
999 _c6966
_d6966
001 12353661
003 OSt
005 20210531095644.0
008 010321s2002 enkab 101 0 eng
010 _a 2001025877
020 _a085199542X (v. 1 : alk. paper)
020 _a0851995438 (v. 2)
040 _aDLC
_cDDC
_dDLC
042 _apcc
043 _aw------
050 0 0 _aQK615.7
_b.B75 2000
082 0 0 _a579.5TRO 2002
_221
110 2 _aBritish Mycological Society.
_bSymposium
_d(2000 :
_cUniversity of Liverpool)
_914289
245 1 0 _aTropical mycology /
_cedited by Roy Watling ... [et al.].
260 _aWallingford, Oxon, UK ;
_aNew York :
_bCABI Pub.,
_c2002.
300 _a2 v. :
_bill., maps ;
_c24 cm.
500 _aSelected papers of the millennium symposium held April 2000 at the Liverpool John Moores University and organized by the British Mycological Society.
504 _aIncludes bibliographical references and index.
505 0 _av. 1. Macromycetes -- v. 2. Micromycetes.
650 0 _aMycology
_zTropics
_vCongresses.
_914290
650 0 _aFungi
_zTropics
_vCongresses.
_914291
700 1 _aWatling, Roy.
_914292
856 4 1 _3Table of contents only
_uhttp://www.loc.gov/catdir/enhancements/fy0612/2001025877-t.html
856 4 2 _3Publisher description
_uhttp://www.loc.gov/catdir/enhancements/fy0612/2001025877-d.html
906 _a7
_bcbc
_corignew
_d1
_eocip
_f20
_gy-gencatlg
942 _2ddc
_cO_SHELF